|
|
|
|
| LEADER |
00000nab a2200000 a 4500 |
| 001 |
vtls008938526 |
| 003 |
SK-MaSNL |
| 005 |
20260304134008.0 |
| 008 |
250505c2006 xo zr|p|||||||000 b|slo |
| 015 |
|
|
|a SNBRB2007/01
|2 snkbucl
|
| 035 |
|
|
|a (uuid)01d549e6-a21c-41f7-bd8f-d38ff6998314
|
| 035 |
|
|
|a urn:nbn:sk:snk-aba07k
|
| 035 |
|
|
|a (urnnbn)urn:nbn:sk:snk:ar-a097ca
|
| 040 |
|
|
|a SNKBUCL
|b slo
|c SNKBUCL
|e AACR2
|
| 041 |
0 |
|
|a cze
|
| 044 |
|
|
|a xo
|c SK
|
| 080 |
|
|
|a 908
|x (73)
|2 2001
|
| 080 |
|
|
|a 316.3
|x (73)
|2 2001
|
| 100 |
1 |
|
|a Miłosz, Czesław,
|d 1911-2004
|4 aut
|9 202022
|
| 245 |
1 |
0 |
|a Amerika
|c Czesłav Miłosz; preklad Václav Burian
|
| 300 |
|
|
|b Fotogr., obr.
|
| 650 |
0 |
7 |
|a identita
|2 snkbucl
|9 1664
|
| 650 |
0 |
7 |
|a spoločnosť
|2 snkbucl
|9 1013
|
| 651 |
|
7 |
|a Spojené štáty americké
|2 snkbucl
|9 18262
|
| 655 |
|
7 |
|a eseje
|2 snkbucl
|9 57030
|
| 700 |
1 |
|
|a Burian, Václav
|4 trl
|9 369193
|
| 773 |
0 |
|
|t OS
|g Roč. 10, č. 5-6 (2006), s. 123-124
|x 1335-2296
|
| 850 |
|
|
|a Slovenská národná knižnica
|
| 852 |
|
|
|a Slovenská národná knižnica
|
| 958 |
|
|
|a article13
|
| 958 |
|
|
|a OND
|
| 958 |
|
|
|a US
|
| 958 |
|
|
|a EUIPO
|
| 999 |
|
|
|c 2904841
|d 2906771
|